| 000 | 00820nam a2200253 a 4500 | ||
|---|---|---|---|
| 001 | 26085 | ||
| 003 | BD-RjUL | ||
| 005 | 20211209050953.0 | ||
| 008 | 140320r19841983bg b 001 0 eng | ||
| 035 | _a(BD-RjUL)26155 | ||
| 040 |
_aDLC _cDLC _dDLC _dBD-RjUL _beng |
||
| 041 | _aeng | ||
| 082 | 0 | 0 |
_a954.9205 _219 _bAHB 1984 |
| 100 | 1 |
_aAhmed, Moudud. _980026 |
|
| 245 | 1 | 0 |
_aBangladesh : _bera of Sheikh Mujibur Rahman / _cMoudud Ahmed. |
| 260 |
_aDhaka, Bangladesh : _bUniversity Press, _cc1983 [Reprinted 1984]. |
||
| 300 |
_axi, 282 p. ; _c25 cm. |
||
| 504 | _aIncludes bibliographies and index. | ||
| 600 | 0 | 0 |
_aMujibur Rahman, _cSheikh, _d1920-1975. _9175435 |
| 651 | 0 |
_aBangladesh _xPolitics and government. _980155 |
|
| 651 | 0 |
_aBangladesh _xEconomic policy. _98470 |
|
| 942 |
_2ddc _cBK |
||
| 999 |
_c26085 _d26085 |
||